000
00308nam a2200133 a 4500
005
20140414131921.0
008
101022s19uu xx 00 eng d
050
_a
ER
_b
Ah1 2006
100
_a
Trepicchio, Lynn
245
_a
A hat.
260
_b
Harcourt,
_c
2006.
_a
Orlando :
440
_a
999
_c
111747
_d
111747